| 000 | 00814nam a22002177a 4500 | ||
|---|---|---|---|
| 999 |
_c20759 _d20759 |
||
| 003 | AR-CdUCM | ||
| 008 | 190503b ||||| |||| 00| 0 spa d | ||
| 040 |
_aMUNICIPALIDAD PROVINCIAL DEL CUSCO _cBIBLIOTECA MUNICIPAL DEL CUSCO |
||
| 082 |
_a636.296 / _bAL45 |
||
| 110 |
_aAlpaca Perú EPS _943350 |
||
| 245 |
_aLa alpaca : _bEse camélido desconocido / |
||
| 260 |
_aLima : _bItal, _c1981. |
||
| 300 |
_a237 páginas ; _bIlustraciones _c23 cm. |
||
| 505 | _aContenido : La alpaca en el tiempo --Pre-historia de la alpaca -- Otras fuentes para el conocimiento de la cría de las alpacas en la época de los Incas... | ||
| 650 |
_aAuquenidos _922127 |
||
| 650 |
_aPeru _9429 |
||
| 650 |
_aLegislación de protección _943351 |
||
| 650 |
_aHistoria del alpaquero _943352 |
||
| 942 |
_2ddc _cLIBROS |
||
| 945 |
_arcc _d |
||